Gregory, the terrible eater / (Record no. 3495)

MARC details
000 -LEADER
fixed length control field 00971pam a2200277 a 4500
005 - DATE AND TIME OF LATEST TRANSACTION
control field 20260320080207.0
020 ## - INTERNATIONAL STANDARD BOOK NUMBER
International Standard Book Number 9780590433501
040 ## - CATALOGING SOURCE
Original cataloging agency DLC
Transcribing agency DLC
Modifying agency DLC
Language of cataloging eng
050 00 - LIBRARY OF CONGRESS CALL NUMBER
Classification number PZ7.S52992
082 00 - DEWEY DECIMAL CLASSIFICATION NUMBER
Classification number 813.54
100 1# - MAIN ENTRY--PERSONAL NAME
Personal name Sharmat, Mitchell
245 10 - TITLE STATEMENT
Title Gregory, the terrible eater /
Statement of responsibility, etc. by Mitchell Sharmat ; illustrated by Jose Aruego and Ariane Dewey.
260 ## - PUBLICATION, DISTRIBUTION, ETC.
Place of publication, distribution, etc. New York :
Name of publisher, distributor, etc. Scholastic ,
Date of publication, distribution, etc. 1980
300 ## - PHYSICAL DESCRIPTION
Extent 32 unnumbered pages :
Other physical details color illustrations ;
Dimensions 20 cm .
505 ## - FORMATTED CONTENTS NOTE
Formatted contents note J <br/>
520 ## - SUMMARY, ETC.
Summary, etc. A very picky eater, Gregory the goat refuses the usual goat diet staples of shoes and tin cans in favor of fruits, vegetables, eggs, and orange juice.
521 ## - TARGET AUDIENCE NOTE
Target audience note 490 <br/>
Source Lexile <br/>
521 ## - TARGET AUDIENCE NOTE
Target audience note J <br/>
Source Raz-Plus <br/>
650 #1 - SUBJECT ADDED ENTRY--TOPICAL TERM
Topical term or geographic name entry element Goats
General subdivision Fiction
650 #1 - SUBJECT ADDED ENTRY--TOPICAL TERM
Topical term or geographic name entry element Diet
General subdivision Fiction
700 1# - ADDED ENTRY--PERSONAL NAME
Personal name Aruego, Jose
Relator term illustrator
700 1# - ADDED ENTRY--PERSONAL NAME
Personal name Dewey, Ariane
Relator term illustrator
906 ## - LOCAL DATA ELEMENT F, LDF (RLIN)
a 7
b cbc
c orignew
d 1
e ocip
f 19
g y-gencatlg
942 ## - ADDED ENTRY ELEMENTS (KOHA)
Source of classification or shelving scheme Dewey Decimal Classification
Koha item type Books
Suppress in OPAC No
999 ## -
-- 3495
-- 3495
Holdings
Withdrawn status Lost status Source of classification or shelving scheme Damaged status Not for loan Collection Home library Current library Shelving location Date acquired Total Checkouts Full call number Barcode Date due Date last seen Date last checked out Copy number Price effective from Koha item type
    Dewey Decimal Classification     Juvenile Fiction Footprints International School Library Network Toul Kork Campus Footprints International School Library Network Toul Kork Campus TK Primary Library Room(4th Floor), Bookcase 1&2, Shelves 1-16, Dark Blue Books 07/14/2025   SHA 813.54 PZ7.S52992 FISTKG1B074   07/14/2025   2 07/14/2025 Books
    Dewey Decimal Classification     Juvenile Fiction Footprints International School Library Network Toul Tom Poung Campus Footprints International School Library Network Toul Tom Poung Campus TTP Primary Dark Blue Bookshelves 03/13/2024 1 SHA 813.54 PZ7.S52992 FISTK01794 01/28/2026 01/14/2026 01/14/2026 1 03/13/2024 Books
    Dewey Decimal Classification     Juvenile Fiction Footprints International School Library Network Toul Tom Poung Campus Footprints International School Library Network Toul Tom Poung Campus TTP Primary Dark Blue Bookshelves 03/20/2026   SHA 813.54 PZ7.S52992 FISBK05257   03/20/2026   3 03/20/2026 Books